Co to za samolot? - Statystyki

Ogólne statystyki
  • Ten quiz został rozwiązany 502 razy
  • Średni wynik to 11 z 15
Statystyki odpowiedzi
Obrazkowy Odpowiedź % Poprawnych
boeing 717
96%
boeing 737
96%
boeing 747
96%
boeing 757
96%
boeing 787
96%
airbus beluga
80%
airbus a380
77%
antonov an-124
76%
airbus a320
73%
airbus a340
66%
airbus a350
62%
boeing dreamlifter
62%
Embraer 195
58%
bombardier crj900
27%
lockheed c-5 galaxy
27%
Nie znaleziono quizów pasujących do podanych kryteriów
Rozkład punktacji
Procent ludzi z każdym wynikiem
Percentyl według liczby udzielonych odpowiedzi
Twoja historia wyników
Nie rozwiązałeś tego quizu